00414nam a2200157Ia 4500001000500000005001700005008004100022041000800063082001600071100004200087245007400129260000900203300002800212650000800240654000800248320120260306144903.0260306t1998||||xx |||||||||||||| ||spa|| aESP a261.83bM26 aMaravi Petrozzi, Alberto JesúseAUT 0aLa preocupación social en el magisterio de la iglesia texto impreso c1998 a130 páginas :c20 cm. aGEN aCHU